UM Logo

The contemporary world / (Record no. 10837)

MARC details
000 -LEADER
fixed length control field 00633nam a22001817a 4500
008 - FIXED-LENGTH DATA ELEMENTS--GENERAL INFORMATION
fixed length control field 180922b ||||| |||| 00| 0 eng d
020 ## - INTERNATIONAL STANDARD BOOK NUMBER
International Standard Book Number 978-971-98-0862-6
082 ## - DEWEY DECIMAL CLASSIFICATION NUMBER
Edition number 2018
Classification number DFil 337
Item number C571
100 ## - MAIN ENTRY--PERSONAL NAME
Personal name Claudio, Lisandro E.
9 (RLIN) 31523
245 ## - TITLE STATEMENT
Title The contemporary world /
Statement of responsibility, etc. Lisandro E. Claudio and Patricio N. Abinales.
260 ## - PUBLICATION, DISTRIBUTION, ETC. (IMPRINT)
Place of publication, distribution, etc. Quezon City :
Name of publisher, distributor, etc. C & E Publishing,Inc.,
Date of publication, distribution, etc. ©2018.
300 ## - PHYSICAL DESCRIPTION
Extent xii, 182 pages ;
Other physical details illustrations :
Dimensions 22 cm.
500 ## - GENERAL NOTE
General note Includes bibliographical references and index.
650 ## - SUBJECT ADDED ENTRY--TOPICAL TERM
Topical term or geographic name as entry element Globalization.
9 (RLIN) 31524
700 ## - ADDED ENTRY--PERSONAL NAME
Personal name Abinales, Patricio N.
9 (RLIN) 2712
365 ## - TRADE PRICE
Price amount 295.00
Currency code Php.
942 ## - ADDED ENTRY ELEMENTS (KOHA)
Source of classification or shelving scheme Dewey Decimal Classification
Koha item type Filipiniana
Holdings
Withdrawn status Lost status Source of classification or shelving scheme Damaged status Not for loan Collection code Home library Current library Shelving location Date acquired Source of acquisition Cost, normal purchase price Total Checkouts Full call number Barcode Date last seen Date last checked out Copy number Price effective from Koha item type
    Dewey Decimal Classification     Filipiniana UM Digos College - LIC UM Digos College - LIC Book Cart 08/16/2018 Purchased 295.00 13 DFil 337 C571 2018 25135 11/28/2022 11/08/2022 1 09/22/2018 Filipiniana
    Dewey Decimal Classification     Filipiniana UM Digos College - LIC UM Digos College - LIC Book Cart 08/16/2018 Purchased 295.00 12 DFil 337 C571 2018 25136 05/15/2025 08/08/2023 2 09/22/2018 Filipiniana
    Dewey Decimal Classification     Filipiniana UM Digos College - LIC UM Digos College - LIC Book Cart 11/23/2018 Purchased   6 DFil 337 C571 2018 25394 09/01/2025 08/30/2025 3 09/23/2019 Filipiniana